| 000 | nam a22 a 4500 | ||
|---|---|---|---|
| 999 |
_c354725 _d354725 |
||
| 003 | BLK | ||
| 005 | 20220223111427.0 | ||
| 008 | 200415b bu ||||| |||| 00| 0 bu d | ||
| 040 | _aBLK | ||
| 041 |
_aBUL _cBUL |
||
| 080 |
_aБългарска литература _b821.163.2 _x-93-1 _z821.163.2-93-1 |
||
| 100 |
_9250641 _aПопович, Васил Николаев _eпърви автор |
||
| 139 |
_aПопович, Васил Николаев _bП 77 |
||
| 245 |
_aДетска гусла _b31 стихотворения за ученици от нар. у-ща _cСъчинил Васил Николаев Попович |
||
| 260 |
_9217540 _aПловдив _bкниж. Христо Г. Данов _c1880 |
||
| 300 |
_a43 с. _bс ил. _c25 см |
||
| 380 | _aX | ||
| 852 | _aК 821.163.2/П 77 | ||
| 942 |
_cKNG _n0 _s1 |
||
| 944 |
_c2020-04-15 _kВаля Йорданова |
||
| 999 | _d354725 | ||